Production and Operations Management (Record no. 594424)

000 -LEADER
fixed length control field 00465nam a22001577a 4500
020 ## - INTERNATIONAL STANDARD BOOK NUMBER
International Standard Book Number 9788131708897
040 ## - CATALOGING SOURCE
Transcribing agency NUST
082 ## - DEWEY DECIMAL CLASSIFICATION NUMBER
Classification number 658.5 MUH
100 ## - MAIN ENTRY--PERSONAL NAME
Personal name Mühlemann, Alan
9 (RLIN) 111667
110 ## - MAIN ENTRY--CORPORATE NAME
Corporate name or jurisdiction name as entry element Oakland, John Lockyer, Keith
9 (RLIN) 111668
245 ## - TITLE STATEMENT
Title Production and Operations Management
250 ## - EDITION STATEMENT
Edition statement 6th Edition
260 ## - PUBLICATION, DISTRIBUTION, ETC.
Place of publication, distribution, etc. INDIA,
Name of publisher, distributor, etc. Pearson Education Ltd,
Date of publication, distribution, etc. 2016.
650 ## - SUBJECT ADDED ENTRY--TOPICAL TERM
Topical term or geographic name entry element DME TEXTBOOK PRODUCTION AND OPERATIONS MANAGEMENT
9 (RLIN) 111669
942 ## - ADDED ENTRY ELEMENTS (KOHA)
Source of classification or shelving scheme
Koha item type Text Books
Holdings
Withdrawn status Lost status Source of classification or shelving scheme Damaged status Not for loan Permanent Location Current Location Shelving location Date acquired Total Checkouts Full call number Barcode Date last seen Price effective from Koha item type
          College of Electrical & Mechanical Engineering (CEME) College of Electrical & Mechanical Engineering (CEME) Reference 04/03/2023   658.5 MUH CEME-48431 04/03/2023 04/03/2023 Text Books
          College of Electrical & Mechanical Engineering (CEME) College of Electrical & Mechanical Engineering (CEME) Reference 04/03/2023   658.5 MUH CEME-48432 04/03/2023 04/03/2023 Text Books
          College of Electrical & Mechanical Engineering (CEME) College of Electrical & Mechanical Engineering (CEME) Reference 04/03/2023   658.5 MUH CEME-48433 04/03/2023 04/03/2023 Text Books
          College of Electrical & Mechanical Engineering (CEME) College of Electrical & Mechanical Engineering (CEME) Reference 04/03/2023   658.5 MUH CEME-48434 04/03/2023 04/03/2023 Text Books
          College of Electrical & Mechanical Engineering (CEME) College of Electrical & Mechanical Engineering (CEME) Reference 04/03/2023   658.5 MUH CEME-48435 04/03/2023 04/03/2023 Text Books
© 2023 Central Library, National University of Sciences and Technology. All Rights Reserved.